Pokémon Name Origins - Statistics

General Stats
  • This quiz has been taken 266 times
    192 since last reset
  • The average score is 22 of 27
Answer Stats
Hint Answer % Correct
Prefix for flying Aero
95%
Pokémon 2 Aerodactyl
93%
A large mammal living underwater Whale
91%
Cave-dwelling flying rodent Bat
89%
Flying dinosaur Pterodactyl
89%
Meat eating creature Carnivore
88%
A smaller boulder Rock
88%
A wild, male pig Boar
87%
Our lights, TVs and Gameboys are powered by this Electricity
86%
Lit coals of a dying fire Ember
85%
Pokémon 1 Emboar
85%
A rich male with power and authority Lord
84%
Poisonous Toxic
84%
Pokémon 4 Wailord
84%
Resource that comes from trees Wood
83%
A monkey’s method of transport Vine
82%
Pokémon 5 Carnivine
80%
Pokémon 7 Rockruff
78%
Pokémon 8 Toxtricity
78%
A sound Noise
77%
Dog’s sound Ruff
76%
Pokémon 6 Noibat
75%
Not genuine Pseudo
75%
Pokémon 3 Sudowoodo
72%
A fat animal, slang Chonk
55%
Spanish for a suckling piglet Léchon
55%
Pokémon 9 Lechonk
53%
No matching quizzes found
Score Distribution
Percent of People with Each Score
Percentile by Number Answered
Your Score History
You have not taken this quiz since the last reset